00290nam a2200097Ia 4500008004100000050002000041100002200061245008300083942000700166999001900173230915s9999 xx 000 0 und d aKZ6530.K58 2012 aKITUO CHA SHERIA  0aKITUO CHA SHERIA: TRAINING MANUAL ON REFUGEE LAW FOR LAWYERS AND LAW STUDENTS  cBK c166489d166489